000 00419nam a22001697a 4500
005 20160518105238.0
008 160518b xxu||||| |||| 00| 0 eng d
020 _a81-203-2109-X
041 _aeng
082 _b2784
100 _aVelasquez Manuel G.
_9737
245 _aBusiness Ethics Concepts and Cases
260 _aNew Delhi
_bPrentice hall of India,
300 _a511
650 _aManagement
_9241
942 _cBK
999 _c990
_d990